A Study Of Business Development With E- Bidding Platform For Prometteur Solution Pvt. Ltd. (Record no. 79959)

MARC details
000 -LEADER
fixed length control field 00476nam a2200145Ia 4500
008 - FIXED-LENGTH DATA ELEMENTS--GENERAL INFORMATION
fixed length control field 221007s9999 xx 000 0 und d
041 ## - LANGUAGE CODE
Language code of text/sound track or separate title eng
082 ## - DEWEY DECIMAL CLASSIFICATION NUMBER
Item number ARC
100 ## - MAIN ENTRY--PERSONAL NAME
Personal name Archana Ugamugale - 2k181060 & Dr. Suvarna Dhamdhere - Guide
9 (RLIN) 105059
245 #2 - TITLE STATEMENT
Title A Study Of Business Development With E- Bidding Platform For Prometteur Solution Pvt. Ltd.
260 ## - PUBLICATION, DISTRIBUTION, ETC. (IMPRINT)
Date of publication, distribution, etc. 2019
Name of publisher, distributor, etc. Savitribai Phule Pune University
Place of publication, distribution, etc. Pune
300 ## - PHYSICAL DESCRIPTION
Extent 46p
Dimensions Hard Bound
440 ## - SERIES STATEMENT/ADDED ENTRY--TITLE
Volume/sequential designation 1
906 ## - LOCAL DATA ELEMENT F, LDF (RLIN)
b General
Holdings
Withdrawn status Lost status Damaged status Not for loan Home library Current library Date acquired Vendor Total Checkouts Full call number Barcode Date last seen Bill Date Koha item type Original Barcode
        Smt. Hiraben Nanavati Institute of Management & Research for Women Smt. Hiraben Nanavati Institute of Management & Research for Women 05/12/2019 HNIMR   ARC HIMR-PR-694 07/10/2022 05/12/2019 Project Reports PR0694